000 00940nam a22002297a 4500
003 0
005 20251104134120.0
008 251104b xxu||||| |||| 00| 0 eng d
020 _a978-1-5290-0535-6
050 _aBF 637.S8
_b.H37 2019
100 _aHarvey, Sarah,
_eauthor.
245 _aKaizen :
_bthe Japanese method for transforming habits, one small step at a time /
_cSarah Harvey.
260 _aLondon :
_bBluebird Books for Life, an imprint of Pan Macmillan,
_c2019.
300 _a272 pages :
_bcolor illustrations ;
_c19 cm.
520 _aExplains how to apply the Japanese philosophy of kaizen—continuous improvement through small, incremental changes—to everyday habits and personal growth.
650 _aSelf-management.
650 _a Self-actualization (Psychology).
650 _aSuccess
_xPsychological aspects.
650 _aOrganizational effectiveness.
650 _aOrganizational change.
942 _2lcc
_cBK
999 _c368457
_d368457